Movies Quiz

Random Movies or Numbers Quiz
Score 0/16 Timer 05:00
0 Plays Today
Number Movie Title % Correct
Austin Powers in Goldmember
92%
Alice in Wonderland
86.4%
The Parent Trap
73.4%
Lady and the Tramp
61.9%
The Little Mermaid
56.1%
Monty Python and the Holy Grail
53.7%
High School Musical
49.5%
The Man in the Iron Mask
49.4%
Number Movie Title % Correct
The Boondock Saints
43.9%
Stuck On You
30.8%
Raising Arizona
20.8%
Gone With the Wind
13.2%
Freaks
10.5%
Les triplettes de Belleville
10.2%
Observe and Report
8.4%
Twin Dragons
4.2%
Remove Ads.
Support Sporcle.
Get the best of Sporcle when you Go Orange. This ad-free experience offers more features, more stats, and more fun while also helping to support Sporcle. Thank you for becoming a member.

You're not logged in!

Compare scores with friends on all Sporcle quizzes.
OR
Log In

Show Comments

Extras

Top Quizzes Today


Score Distribution

Your Account Isn't Verified!

In order to create a playlist on Sporcle, you need to verify the email address you used during registration. Go to your Sporcle Settings to finish the process.

Report this User

Report this user for behavior that violates our Community Guidelines.

Details: